Reasoning about mental states : [technical report] : formal theories and applications : papers from the 1993 Spring Symposium, March 23-25, Stanford, California

Saved in:
Bibliographic Details
Corporate Authors: AAAI Spring Symposium Stanford, Calif., American Association for Artificial Intelligence
Format: Conference Proceeding Book
Language:English
Published: Menlo Park, Calif. : AAAI Press, c1993.
Tags: Add Tag
No Tags, Be the first to tag this record!

MARC

LEADER 00000cam a2200000 i 4500
001 1/25862
008 020723s1993 cau| ||| |||| ||eng||
020 |z 092980431 
035 |l 10068143 
040 |a GR-MyUa  |b gre  |e AACR2 
041 0 |a eng 
111 2 |a AAAI Spring Symposium   |d (1993 :   |c Stanford, Calif.) 
245 1 0 |a Reasoning about mental states :   |b [technical report] : formal theories and applications : papers from the 1993 Spring Symposium, March 23-25, Stanford, California /   |c sponsored by the American Association for Artificial Intelligence. 
260 |a Menlo Park, Calif. :   |b AAAI Press,   |c c1993. 
300 |a ii, 188 σ. ;   |c 28 εκ. 
504 |a Περιέχει βιβλιογραφικές αναφορές. 
710 2 |a American Association for Artificial Intelligence. 
852 |a INST  |b SAMOS  |e 20020723  |p 005300021464  |q 005300021464  |t BK  |y 0 
852 |a INST  |b SAMOS  |e 20020723  |p 005300021465  |q 005300021465  |t BK  |y 0 
852 |a INST  |b SAMOS  |e 20020723  |p 005300021466  |q 005300021466  |t BK  |y 0 
901 |a BIBL3-2002-2 
922 |a 3ΕΛΗ  |b 2000  |c ΤΠΕΣ/ΠΟΛ2  |d LEADER 
970 |a ΠΟΥΡΝΑΡΑΣ  |b ΔΗΜΗΤΡΗΣ  |z 2002/07/23